| 000 | 00610nam a22001817a 4500 | ||
|---|---|---|---|
| 003 | SISC | ||
| 005 | 20170119151454.0 | ||
| 008 | 160309b xxu||||| |||| 00| 0 eng d | ||
| 020 | _a9781502771414 | ||
| 050 |
_aHD 30.28 _b.W667 2014 |
||
| 100 | _aWilcox, Devon. | ||
| 245 |
_aBusiness plan writing guide : _bhow to write a successful & sustainable business plan in under 3 hours _cDevon Wilcox. |
||
| 260 |
_aUSA : _bClyde Bank Media LLC ; _c2014. |
||
| 300 |
_a64 pages : _billustrations ; _c23 cm. |
||
| 650 | _aNew business enterprises -- Planning. | ||
| 650 | _aBusiness planning. | ||
| 942 |
_2lcc _cBK |
||
| 999 |
_c291532 _d291532 |
||